| 000 | 00646nam a2200205 u 4500 | ||
|---|---|---|---|
| 005 | 20240323063649.0 | ||
| 008 | 170310s2007 es r 000 0 spa d | ||
| 020 | _a9788484524557 | ||
| 035 | _aUPN01000216647 | ||
| 049 | _aI | ||
| 050 | 4 |
_aPZ7 _bS7.4 |
|
| 100 | 1 |
_aStein, Mathilde _933074 |
|
| 245 | 1 | 0 |
_aBen el valiente / _cMathilde Stein ; il. Mies van Hout ; tr. Alberto Jiménez Rioja. |
| 260 |
_aBarcelona, Esp. : _bIntermón Oxfam, _c2007. |
||
| 300 |
_a[26] p. : _bil. col. |
||
| 650 | 7 |
_aLiteratura infantil estadounidense _2 _99173 |
|
| 650 | 4 |
_aLibros y lectura para niños _92290 |
|
| 650 | 2 |
_aValentía _915855 |
|
| 905 | _aInfantil | ||
| 999 |
_c188747 _d188747 |
||